00000000cam 2200000zi 4500
0019.951545
003CaOODSP
00520260529134030
006m     o  d f      
007cr cn|||||||||
008250529e202506##onc     o    f000 0 fre d
020 |a9780660774985
040 |aCaOODSP|bfre|erda|cCaOODSP
043 |an-cn---
045 |ay2y2
0861 |aP114-32/2025F-PDF
24500|aRapport de suivi concernant l'examen des pratiques d'approvisionnement relatif aux contrats non concurrentiels conclus avec l'organisme UNIS de 2020-2021 / |cBureau de l'ombud de l'approvisionnement.
264 1|aOttawa, ON : |bGouvernement du Canada, Bureau de l'ombud de l'approvisionnement = Government of Canada, Office of the Procurement Ombud, |cjuin 2025.
300 |a1 ressource en ligne (25 pages)
336 |atexte|btxt|2rdacontent/fre
337 |ainformatique|bc|2rdamedia/fre
338 |aressource en ligne|bcr|2rdacarrier/fre
500 |aPublié aussi en anglais sous le titre : Follow-up report to the 2020-2021 procurement practice review of non-competitive contracts involving WE Charity.
61026|aÉcole de la fonction publique du Canada|xApprovisionnement|xÉvaluation.
61016|aCanada. |bAffaires mondiales Canada|xApprovisionnement|xÉvaluation.
61016|aCanada. |bBureau du conseil privé|xApprovisionnement|xÉvaluation.
61026|aAgence de santé publique du Canada|xApprovisionnement|xÉvaluation.
650 6|aContrats administratifs|zCanada|xÉvaluation.
7101 |aCanada. |bBureau de l'ombud de l'approvisionnement, |eorganisme de publication.
77508|tFollow-up report to the 2020-2021 procurement practice review of non-competitive contracts involving WE Charity / |w(CaOODSP)9.951544
85640|qPDF|s512 Ko|uhttps://publications.gc.ca/collections/collection_2026/spac-pspc/P114-32-2025-fra.pdf
8564 |qHTML|sS.O.|uhttps://opo-boa.gc.ca/praapp-prorev/2020-2021/follow-up-report-2021-fra.html